Statistics for European Geography By Letter - B #2

Click here to take the quiz!

General Stats

  • This quiz has been taken 14,311 times
  • The average score is 14 of 20

Answer Stats

Clue Answer % Correct
City divided by a wall until 1989Berlin
100%
National animal of RussiaBear
93%
Sea that Estonia, Latvia, and
Lithuania all border
Baltic Sea
90%
London palace of the British monarchBuckingham
88%
Second-biggest city in the UKBirmingham
88%
Forest of southwest Germany{Black} Forest
85%
Capital city on the Danube RiverBudapest
82%
British spa town founded by the RomansBath
79%
It borders Greece and TurkeyBulgaria
74%
Capital city on the Danube RiverBratislava
66%
Northern Italian city home to the
world's oldest university
Bologna
66%
Ethnic group of northeast SpainBasque
66%
Historical region of France that gave
its name to a popular soft cheese
Brie
64%
Biggest city in UlsterBelfast
62%
Belgian city with canals - a major
commercial center in the Middle Ages
Bruges
62%
Capital city on the Danube RiverBelgrade
61%
Mallorca, Menorca, Ibiza, etc...{Balearic} Islands
61%
Famous Moscow ballet venue{Bolshoi} Theatre
55%
One of the two cities in Italy's "heel"
that start with B
Bari /
Brindisi
40%
Major city that sits at the intersection of
Switzerland, Germany, and France
Basel
38%

Score Distribution

Percentile by Number Answered

Percent of People with Each Score

Your Score History

You have not taken this quiz